000 00618nam a2200241 i 4500
001 C2-0101846
003 PPAK
005 20180727095920.0
008 970601s1976 nyu |||| ||||| | eng d
020 _a0892810289
040 _aPPAK
_beng
_cPPAK
_erda
082 0 4 _a650.12
_223
090 0 0 _a650.12
_bWAT
_dG
100 1 _aWattles, Wallace D.,
_eauthor
245 1 0 _aFinancial success
264 1 _aNew York :
_bDestiny Books ,
_c1976
300 _a140 pages ;
_c20 cm
336 _2rdacontent
_atext
337 _2rdamedia
_aunmediated
338 _2rdacarrier
_avolume
650 1 0 _aSuccess
942 _ddc
_cB
999 _c23562
_d23562